000 00334nam a22001097a 4500
008 230621b xxu||||| |||| 00| 0 eng d
082 _a328.30
_bCPA 1976
245 _aSummary of Proceedings of the Twenty-Fifth Parliamentary Seminar
260 _aLondon
_bCommonwealth Parliamentary Association
_c1976
300 _a127p
942 _2ddc
_cBK
999 _c2101
_d2101